书目信息 |
| 题名: |
太平天国史论考
|
|
| 作者: | ;南京大学历史糸太平天国研究室 编 | |
| 分册: | ||
| 出版信息: | 南京 江苏古籍出版社 1985 |
|
| 页数: | 475页 | |
| 开本: | 20cm | |
| 丛书名: | ||
| 单 册: | ||
| 中图分类: | K254.07 | |
| 科图分类: | ||
| 主题词: | 中国--历史--1840~1949 | |
| 电子资源: | ||
| ISBN: | ||
| 000 | 00616nam0 2200193 45 | |
| 001 | 0312221749 | |
| 005 | 20060420093124.23 | |
| 010 | @dCNY2.60 | |
| 091 | @a11354.031 | |
| 100 | @a20031222d1985 km y0chiy0120 ea | |
| 101 | @achi | |
| 200 | 1 | @a太平天国史论考@ATai Ping Tian Guo Shi Lun Kao@f南京大学历史糸太平天国研究室编@FNan Jing Da Xue Li Shi Mi Tai Ping Tian Guo Yan Jiu Shi Bian |
| 210 | @a南京@c江苏古籍出版社@d1985 | |
| 215 | @a475页@d20cm | |
| 606 | 0 | @a中国@x历史@z1840~1949 |
| 690 | @aK254.07@v3 | |
| 711 | 02 | @a南京大学历史糸太平天国研究室@4编 |
| 801 | @aCN@bTSTCL@c20060420 | |
| 905 | @dK254.07@e23 | |
| 太平天国史论考/南京大学历史糸太平天国研究室编.-南京:江苏古籍出版社,1985 |
| 475页;20cm |
| ISBN :CNY2.60 |
| ● |
| 相关链接 |
|
|
|
|
正题名:太平天国史论考
索取号:K254.07/23
 
预约/预借
| 序号 | 登录号 | 条形码 | 馆藏地/架位号 | 状态 | 备注 |
| 1 | 0146326 | 001285157 | 第二借阅区/ [索取号:K254.07/23] | 在馆 | |
| 2 | 0146327 | 202272904 | 密集书库/ [索取号:K254.07/23] | 在馆 | |
| 3 | 0146328 | 202271763 | 密集书库/ [索取号:K254.07/23] | 在馆 | |
| 4 | 0146329 | 202272913 | 密集书库/ [索取号:K254.07/23] | 在馆 | |
| 5 | 0146330 | 001285166 | 第二样本阅览室/ [索取号:K254.07/23] | 在馆 |